Incorruptible Flesh (Record no. 9604)

MARC details
000 -LEADER
fixed length control field 00713nam a2200253 a 4500
020 ## - INTERNATIONAL STANDARD BOOK NUMBER
ISBN 0521038
082 00 - DEWEY DECIMAL CLASSIFICATION NUMBER
Classification number 291.22
Author Cutter CAM
100 ## - MAIN ENTRY--AUTHOR NAME
Author name Camporesi, Piero
245 ## - TITLE STATEMENT
Title Incorruptible Flesh
Sub title Bodily Mutation and Mortification in Religion & Folklo
260 ## - PUBLICATION, DISTRIBUTION, ETC. (IMPRINT)
Place of publication Cambridge
Name of publisher Cambridge University Press
Year of publication 1988
300 ## - PHYSICAL DESCRIPTION
Number of Pages 286p
500 ## - GENERAL NOTE
General note includes index and biblioraphy
505 2# - FORMATTED CONTENTS NOTE
Formatted contents note Index
650 ## - SUBJECT ADDED ENTRY--TOPICAL TERM
Topical Term Comparative Religion-Human Body
650 ## - SUBJECT ADDED ENTRY--TOPICAL TERM
Topical Term Body-Human-Religious Aspects
942 ## - ADDED ENTRY ELEMENTS (KOHA)
Koha item type Books
700 1# -
-- Camporesi, Piero
Holdings
Collection code Home library Current library Date acquired Cost, normal purchase price Full call number Accession Number Koha item type
  Henry Martyn Institute Library Henry Martyn Institute Library 07/19/2007 2345.00 291.22 CAM 017516 Books
                   Copyright © 2026 | Henry Martyn Institute | Hyderabad | TS-500052 | INDIA | Implemented by hmi.edu.in
Hit-Count:

Powered by Koha